Normal view
MARC view
Entry Topical Term
001 - CONTROL NUMBER
- control field: 27966
003 - CONTROL NUMBER IDENTIFIER
- control field: ARRUPE
005 - DATE AND TIME OF LATEST TRANSACTION
- control field: 20161206111158.0
008 - FIXED-LENGTH DATA ELEMENTS
- fixed length control field: 161206|| aca||aabn | a|a d
040 ## - CATALOGING SOURCE
- Original cataloging agency: ARRUPE
- Transcribing agency: ARRUPE
150 ## - HEADING--TOPICAL TERM
- Topical term or geographic name as entry element:
- Topical term following geographic name as entry element: Vigil Movement
670 ## - SOURCE DATA FOUND
- Source citation: Work cat.: (ARRUPE)64995: Presler, Titus Leonard 27963, Transfigured night